Una experiencia inter-institucional de auto-gestión : entrevista a la Presidenta de la Federación de jardines Maternales de la Matanza Norma Pucheta de Galena /

Comentarios iniciales y entrevista realizada por la Lic. en Servicio Social Magdalena Terrero del Equipo Técnico de la Fundación Vivienda y Comunidad, una ONG que apoya el trabajo de la Federación desde sus inicios, integrante por la República Argentina del Consejo de Redacción de la Revista Regiona...

Full description

Bibliographic Details
Main Author: Láuz, Iris
Format: Libro
Language:Spanish
Published: Montevideo, Uruguay EPPAL 2005
Subjects:

MARC

LEADER 00000cam a2200000 a 4500
001 047819
003 UAHC_CL
005 20170803125255.0
008 090820b2005 uy 000 spa
040 |a UAHC_CL  |c UAHC_CL  |d UAHC_CL 
100 1 |a Láuz, Iris 
245 1 4 |a Una experiencia inter-institucional de auto-gestión :  |b entrevista a la Presidenta de la Federación de jardines Maternales de la Matanza Norma Pucheta de Galena /  |c Magdalena Tarrero. 
260 |b EPPAL  |c 2005  |a Montevideo, Uruguay 
300 |a p. 40-45 
500 |a En: Trabajo Social. Revista regional de trabajo social. Vol. XIX, no. 33, 2005. pp. 40-45. ISSN: 07970226. 
520 |a Comentarios iniciales y entrevista realizada por la Lic. en Servicio Social Magdalena Terrero del Equipo Técnico de la Fundación Vivienda y Comunidad, una ONG que apoya el trabajo de la Federación desde sus inicios, integrante por la República Argentina del Consejo de Redacción de la Revista Regional de Trabajo Social. 
650 4 |a AUTOGESTION 
650 4 |a ENTREVISTA (PERIODISMO) 
653 |a TRABAJO SOCIAL 
900 |a TRAB. SOC. (MONTEV.)-33/05 
942 |c BK 
999 |c 47819  |d 47819